Duhai wanita permaisuri hati

Bibliographic Details
Main Author: Kazim Elias, 1972
Format: Book
Published: Selangor : Grup Buku Karangkraf Sdn. Bhd. , 2016
Subjects:

MARC

LEADER 00000cam a2200000 7i4500
001 0000082286
005 20190116.0
008 190116
020 |a 9789678605700 
041 0 |a Malay 
090 0 0 |a 297.57   |b KAZ 
100 0 |a Kazim Elias, 1972 
245 0 0 |a Duhai wanita permaisuri hati   |c Ustaz Kazim Elias 
260 |a Selangor :   |b Grup Buku Karangkraf Sdn. Bhd. ,   |c 2016 
300 |a 165p. ;   |c 21.6cm. 
541 0 0 |c Purchased on 2018   |f 2018/10 KZB   |h RM21.00 
650 0 |a Islam   |x Customs & practices 
650 0 |a Religious 
999 |a 0001531134   |b Book   |c Adult Collection   |e Cawangan Mersing 
999 |a 0001531135   |b Book   |c Adult Collection   |e Cawangan Tmn. Ungku Tun Aminah 
999 |a 0001531136   |b Book   |c Adult Collection   |e Cawangan Bukit Gambir 
999 |a 0001531137   |b Book   |c Adult Collection   |e Cawangan Bandar Penawar 
999 |a 0001531139   |b Book   |c Adult Collection   |e Cawangan Bandar Tenggara 
999 |a 0001531140   |b Book   |c Adult Collection   |e Cawangan Pontian 
999 |a 0001531141   |b Book   |c Adult Collection   |e Cawangan Sri Merlong 
999 |a 0001531142   |b Book   |c Adult Collection   |e Cawangan Taman Sri Lambak 
999 |a 0001531143   |b Book   |c Adult Collection   |e Cawangan Segamat 
999 |a 0001531144   |b Book   |c Adult Collection   |e Cawangan Kota Tinggi 
999 |a 0001531145   |b Book   |c Adult Collection   |e Cawangan Batu Pahat 
999 |a 0001532366   |b Book   |c Adult Collection   |e Perbadanan Perpustakaan Awam Johor 
999 |a 0001532367   |b Book   |c Adult Collection   |e Perbadanan Perpustakaan Awam Johor 
999 |a 0001532368   |b Book   |c Adult Collection   |e Cawangan Urban Transformation Centre